01513nam a2200361 a 4500001001000000003000500010005001700015008004100032010001100073011001100084040000900095090001000104100004000114245016200154260004100316500006000357502006900417590004000486590004000526590004000566650002600606650002000632650003400652650003300686650004400719856007000763901000700833942001000840942000600850999001900856952014000875952013601015000112061CHAP20220329144244.0151201s2015 mx a fsm |||||||spa d a108522 a109494 cCHAP aTesis1 aSánchez Esquivel, Alfredo913015710aAnálisis comparativo de los recursos hidrológicos-forestales de la microcuenca Vista Hermosa, Pue. (1983-2013)h[En línea]cAlfredo Sánchez Esquivel. aChapingo, Méx. :bEl autor,c2015. aPara ver el contenido del material haga clic en la liga aTesis (Ing. Agr. Esp. en Suelos) -- UACH. Departamento de Suelos aE5995AHEb05c20151201lUCH01h1158 aE5995AHEb05c20151201lUCH01h1159 aE5995AHEb05c20151201lUCH01h120314aAgua y bosques.9248914aCuencas.93008514aCultivos de cobertura.93037114aEvapotranspiración.93896814aRecursos hidráulicoszPuebla.9130003 aFinding aiduhttp://10.13.5.2/tesis/sist112061.pdfzTeclea aquí aBK cTESIS n0 c108522d108522 00102local4053708TESISaBCbBCcPA_TESISd2015-12-01fTESISl0oTesisp33724002513793r2019-12-31 00:00:00tc.2w2019-12-31yTESIS 00104054718TESISaBCbBCd2015-12-01fTESISl0oTesisp33724002513835r2019-12-31 00:00:00w2019-12-31yTESISzRecien adquirido